La epilepsia y la familia

Salvato in:
Dettagli Bibliografici
Autore principale: Lechtenberg, Richard (Autore)
Natura: Libro
Lingua:spagnolo
Pubblicazione: Barcelona Herder 1989
Serie:Biblioteca de Psicología, 156
Soggetti:
Tags: Aggiungi Tag
Nessun Tag, puoi essere il primo ad aggiungerne!!

MARC

LEADER 00000nam a2200000 a 4500
001 UCT0779
003 CL-VaPUC
008 960906e19890000SP |||||||||||||||||spa|d
082 0 4 |a 616.853  |b LEC  |2 21 
100 0 |a Lechtenberg, Richard  |e author  |9 369245 
245 1 3 |a La epilepsia y la familia 
300 |a 236 p 
942 |c BK 
945 |d 19960906 00:00:00  |a nastorga 
260 |a Barcelona  |b Herder  |c 1989 
650 0 |a Epilepsia  |9 334738 
650 0 |a Trastornos del comportamiento  |9 311363 
650 7 |a ENFERMEDADES DEL SISTEMA NERVIOSO  |2 CL-VaPUC  |9 269801 
650 0 |a Herencia  |9 256325 
650 0 |a Genética  |9 259443 
650 0 |a Trastornos de la personalidad   |9 307698 
650 0 |a Familias   |9 255641 
650 0 |a Divorcio  |9 256204 
650 0 |a Niños  |9 255605 
650 0 |a Atención médica  |9 337119 
583 |a last modification  |c 19960906 00:00:00  |k Rodrigo Vera 
490 0 |a Biblioteca de Psicología, 156 
999 |c 251485  |d 251483 
952 |0 0  |1 0  |4 0  |6 616_853000000000000_LEC_1989  |7 0  |8 A  |9 270675  |a BIBEDU  |b BIBEDU  |d 2019-11-19  |i 322807K  |o 616.853 LEC 1989  |p 322807K  |r 2019-11-19  |w 2019-11-19  |y BK  |k EPE